书目信息 |
| 题名: |
中国石油天然气集团公司井下作业承包商协会论文集
|
|
| 作者: | ;中国石油工程技术承包商协会井下作业分会 编 | |
| 分册: | ||
| 出版信息: | 北京 石油工业出版社 2004.04 |
|
| 页数: | 426页 | |
| 开本: | 26cm | |
| 丛书名: | ||
| 单 册: | ||
| 中图分类: | TE358-53 | |
| 科图分类: | ||
| 主题词: | 石油开采 | |
| 电子资源: | ||
| ISBN: | 7-5021-4608-3 | |
| 000 | 00933nam0 2200217 450 | |
| 001 | 0734871186 | |
| 005 | 20080105130603.41 | |
| 010 | @a7-5021-4608-3@dCNY98.00 | |
| 100 | @a20071228d2004 km y0chiy0120 ea | |
| 101 | 0 | @achi |
| 102 | @aCN@b110000 | |
| 200 | 1 | @a中国石油天然气集团公司井下作业承包商协会论文集@Azhong guo shi you tian ran qi ji tuan gong si jing xia zuo ye cheng bao shang xie hui lun wen ji@e2003@f中国石油工程技术承包商协会井下作业分会编@Fzhong guo shi you gong cheng ji shu cheng bao shang xie hui jing xia zuo ye fen hui bian |
| 210 | @a北京@c石油工业出版社@d2004.04 | |
| 215 | @a426页@d26cm | |
| 517 | 1 | @a2003@A |
| 606 | 0 | @a石油开采 |
| 690 | @aTE358-53@v4 | |
| 711 | 02 | @a中国石油工程技术承包商协会井下作业分会@Azhong guo shi you gong cheng ji shu cheng bao shang xie hui jing xia zuo ye fen hui@4编 |
| 801 | 0 | @aCN@b大连网信软件有限公司图书馆@c20080105 |
| 905 | @aBZT@dTE358-53@e1 | |
| 906 | @dCNY98.00@n0@r1 | |
| 中国石油天然气集团公司井下作业承包商协会论文集:2003/中国石油工程技术承包商协会井下作业分会编.-北京:石油工业出版社,2004.04 |
| 426页;26cm |
| ISBN 7-5021-4608-3:CNY98.00 |
| ● |
| 相关链接 |
|
|
|
正题名:中国石油天然气集团公司井下作业承包商协会论文集
索取号:TE358-53/1
 
预约/预借
| 序号 | 登录号 | 条形码 | 馆藏地/架位号 | 状态 | 备注 |
| 1 | 627855 | 2000627855 | 中心书库中库/ 中库030架B面5列2层10/ [索取号:TE358-53/1] | 在馆 | |
| 2 | 627856 | 2000627856 | 中心书库中库/ 中库030架B面5列2层2/ [索取号:TE358-53/1] | 在馆 | |
| 3 | 627857 | 2000627857 | 中心书库中库/ 中库030架B面5列2层6/ [索取号:TE358-53/1] | 在馆 | |
| 4 | 627858 | 2000627858 | 中心书库中库/ 中库030架B面5列2层14/ [索取号:TE358-53/1] | 在馆 | |
| 5 | 627859 | 2000627859 | 中心书库中库/ 中库030架B面5列2层1/ [索取号:TE358-53/1] | 在馆 | |
| 6 | 627860 | 2000627860 | 中心书库中库/ 中库030架B面5列2层5/ [索取号:TE358-53/1] | 在馆 | |
| 7 | 627861 | 2000627861 | 中心书库中库/ 中库030架B面5列2层15/ [索取号:TE358-53/1] | 在馆 | |
| 8 | 627862 | 2000627862 | 中心书库中库/ 中库030架B面5列2层4/ [索取号:TE358-53/1] | 在馆 | |
| 9 | 627863 | 2000627863 | 中心书库中库/ 中库030架B面5列2层16/ [索取号:TE358-53/1] | 在馆 | |
| 10 | 627864 | 2000627864 | 中心书库中库/ 中库030架B面5列2层3/ [索取号:TE358-53/1] | 在馆 | |
| 11 | 712742 | 2000712742 | 中心书库中库/ 中库030架B面5列2层11/ [索取号:TE358-53/1] | 在馆 | |
| 12 | 712743 | 2000712743 | 中心书库中库/ 中库030架B面5列2层13/ [索取号:TE358-53/1] | 在馆 | |
| 13 | 712744 | 2000712744 | 中心书库中库/ 中库030架B面5列2层12/ [索取号:TE358-53/1] | 在馆 | |
| 14 | 712745 | 2000712745 | 中心书库中库/ 中库030架B面5列2层8/ [索取号:TE358-53/1] | 在馆 | |
| 15 | 712746 | 2000712746 | 中心书库中库/ 中库030架B面5列2层18/ [索取号:TE358-53/1] | 在馆 | |
| 16 | 712747 | 2000712747 | 中心书库中库/ 中库030架B面5列2层17/ [索取号:TE358-53/1] | 在馆 | |
| 17 | 712748 | 2000712748 | 中心书库中库/ 中库030架B面5列2层20/ [索取号:TE358-53/1] | 在馆 | |
| 18 | 712749 | 2000712749 | 中心书库中库/ 中库030架B面5列2层19/ [索取号:TE358-53/1] | 在馆 | |
| 19 | 712750 | 2000712750 | 中心书库中库/ 中库030架B面5列2层7/ [索取号:TE358-53/1] | 在馆 | |
| 20 | 712751 | 2000712751 | 中心书库中库/ 中库030架B面5列2层9/ [索取号:TE358-53/1] | 在馆 |